000
00381nam a22001337a 4500
003
SGT
020
_a
9789380247653
082
_a
891.4309
_b
M17B
100
_a
भट्ट, असीमा
245
_a
मन लागो : मेरे यार फकीरी में
260
_b
लोकमित्र प्रकाशन
_c
2017
300
_a
216
942
_2
ddc
_c
BK
999
_c
31418
_d
31418